Upholding standards in adjudication (Record no. 68283)

MARC details
000 -LEADER
fixed length control field 01359cam a2200253 4500
001 - CONTROL NUMBER
control field ABS64519
008 - FIXED-LENGTH DATA ELEMENTS--GENERAL INFORMATION
fixed length control field 010917n2001 000 0 eng u
035 ## - SYSTEM CONTROL NUMBER
System control number (Sirsi) u114618
100 ## - MAIN ENTRY--PERSONAL NAME
Personal name Burns, M.
245 ## - TITLE STATEMENT
Title Upholding standards in adjudication
260 ## - PUBLICATION, DISTRIBUTION, ETC.
Date of publication, distribution, etc. 2001
490 ## - SERIES STATEMENT
Series statement Dispute Resolution News
Volume/sequential designation (10) September 2001, 2(1)
520 ## - SUMMARY, ETC.
Summary, etc. Considers the challenge of maintaining the quality and efficiency of the RICS Adjudication service. Warns of two areas for potential criticism of adjudicators: liens and up front payments. Notes that the new RICS guidance notes for surveyors acting as adjudicators, due to be published in autumn 2001, will contain a note to the effect that the RICS considers insistence on a lien to be contrary to pgh 19(3) of the scheme. Also warns that an adjudicator who seeks payment up-front risks receiving no further appointments from the RICS
590 ## - LOCAL NOTE (RLIN)
Local note ABS
650 ## - SUBJECT ADDED ENTRY--TOPICAL TERM
Topical term or geographic name entry element MANAGEMENT-DISPUTE AVOIDANCE, MANAGEMENT AND RESOLUTION-DISPUTE MANAGEMENT AND RESOLUTION-ALTERNATIVE DISPUTE RESOLUTION-ADJUDICATION-ADJUDICATORS
650 ## - SUBJECT ADDED ENTRY--TOPICAL TERM
Topical term or geographic name entry element LIEN
650 ## - SUBJECT ADDED ENTRY--TOPICAL TERM
Topical term or geographic name entry element RICS DISPUTE RESOLUTION SERVICE
650 ## - SUBJECT ADDED ENTRY--TOPICAL TERM
Topical term or geographic name entry element PAYMENT IN ADVANCE
650 ## - SUBJECT ADDED ENTRY--TOPICAL TERM
Topical term or geographic name entry element STANDARDS
650 ## - SUBJECT ADDED ENTRY--TOPICAL TERM
Topical term or geographic name entry element HOUSING GRANTS CONSTRUCTION AND REGENERATION ACT 1996 S108
690 ## - LOCAL SUBJECT ADDED ENTRY--TOPICAL TERM (OCLC, RLIN)
Topical term or geographic name as entry element Dispute resolution
9 (RLIN) 6236
700 ## - ADDED ENTRY--PERSONAL NAME
Personal name Dancaster, C.
942 ## - ADDED ENTRY ELEMENTS (KOHA)
Suppress in OPAC 0
Holdings
Withdrawn status Lost status Source of classification or shelving scheme Damaged status Not for loan Home library Current library Shelving location Date acquired Total Checkouts Full call number Barcode Date last seen Copy number Price effective from Koha item type
    Dewey Decimal Classification     London London Journal article 17/09/2001   ABS64519 114618-1001 06/08/2019 1 06/08/2019 Journal article